<?xml version="1.0" encoding="UTF-8"?>
<marc:record xmlns:marc="http://www.loc.gov/MARC21/slim">
   <marc:leader>00000nam a2200000 a 4500</marc:leader>
   <marc:datafield ind1="1" ind2=" " tag="100">
      <marc:subfield code="a">Dunant, Sarah</marc:subfield>
      <marc:subfield code="4">aut</marc:subfield>
      <marc:subfield code="e">Verfasser/-in</marc:subfield>
   </marc:datafield>
   <marc:datafield ind1="0" ind2="0" tag="245">
      <marc:subfield code="a">Das Lied der Novizin</marc:subfield>
   </marc:datafield>
   <marc:datafield ind1="0" ind2="0" tag="245">
      <marc:subfield code="b">historischer Roman</marc:subfield>
   </marc:datafield>
   <marc:datafield ind1="0" ind2="0" tag="245">
      <marc:subfield code="c">Sarah Dunant</marc:subfield>
   </marc:datafield>
   <marc:datafield ind1=" " ind2="1" tag="264">
      <marc:subfield code="a">München</marc:subfield>
      <marc:subfield code="b">Lübbe Ehrenwirth</marc:subfield>
      <marc:subfield code="c">2010</marc:subfield>
   </marc:datafield>
   <marc:datafield ind1="1" ind2=" " tag="520">
      <marc:subfield code="a">Angaben aus der Verlagsmeldung

Das Lied der Novizin : Historischer Roman Sacred Hearts / von Sarah Dunant

Ferrara 1570. Nie wurde das Lob Gottes mit reinerer Stimme gesungen. Serafinas Sopran ist glockenhell und von überirdischer Schönheit. Ihre Lieder sind der Höhepunkt eines jeden Gottesdienstes, von den Mitschwestern bewundert, von den
Gläubigen verehrt. Doch die Novizin ist nicht freiwillig im Konvent. Ihre Familie gab die junge Frau in die Obhut der Äbtissin, um ihre unstatthafte Liebe zu einem mittellosen Sänger zu unterbinden. Wochenlang hat Serafina gegen ihr neues
Leben rebelliert, geweint und geschrien, den Oberen getrotzt, ihnen das Leben schwer gemacht. Jetzt endlich scheint sie sich mit ihrer Situation arrangiert zu haben. Aber hat sie wirklich ihren Platz gefunden? Oder träumt sie noch immer von
der Freiheit? Wird es ihr gelingen, die Liebe ihres Lebens zu vergessen?
</marc:subfield>
   </marc:datafield>
   <marc:datafield ind1=" " ind2=" " tag="020">
      <marc:subfield code="a">9783431038217</marc:subfield>
      <marc:subfield code="9">9783431038217</marc:subfield>
   </marc:datafield>
   <marc:datafield ind1=" " ind2=" " tag="020">
      <marc:subfield code="a">3431038212</marc:subfield>
      <marc:subfield code="9">3431038212</marc:subfield>
   </marc:datafield>
   <marc:datafield ind1=" " ind2=" " tag="300">
      <marc:subfield code="a">507 S.</marc:subfield>
   </marc:datafield>
</marc:record>
